| 000 | 00627cam a22002293a 4500 | ||
|---|---|---|---|
| 001 | 31139 | ||
| 003 | PGUSA | ||
| 005 | 20140828083656.0 | ||
| 008 | 100131s2010||||xxu|||||s|||||000 1 eng d | ||
| 040 |
_aPGUSA _beng |
||
| 042 | _adc | ||
| 050 | 4 | _aPS | |
| 100 | 1 |
_aGates, Eleanor, _d1875-1951 |
|
| 245 | 1 | 4 |
_aThe Plow-Woman _h[electronic resource] / _cEleanor Gates |
| 260 |
_bProject Gutenberg, _c2010 |
||
| 506 | _aPublic domain in the USA. | ||
| 516 | _aElectronic text | ||
| 653 | _aDakota Territory -- Fiction | ||
| 830 | 0 |
_aProject Gutenberg _v31139 |
|
| 856 | 4 | 0 | _uhttp://www.gutenberg.org/ebooks/31139 |
| 942 | _cEB | ||
| 999 |
_c260394 _d260394 |
||